00810nam a2200205 a 450000100100000000500170001000800410002702000150006804000250008324500440010826000570015230000230020949000460023250000210027850400730029971000560037283000540042895201050048299900170058700004195920201002035843.0131016s1989 sp 001 0 spa d a8400070143 aDO-SdBNPbspacBNPHU00aPere el Cerimoniós i la seva època. aBarcelona :bInstitució Milà i Fontanals,c1989. a360 p. : ;c25 cm.1 aAnuario de estudios medievales.aanexv24 aIncluye índice aIncluye referencias bibliográficas y notas al pie de las páginas2 aInstitución Milá y Fontanals (Barcelona)968486 0aAnuario de estudios medievales.pAnex;v24968742 001050718MOaGRbGRcCTd2013-10-24iLF1l0o p41959-10r2020-06-25w2020-06-25y1ZNo se presta c41448d41448